| 000 | 00568nam a2200193Ia 4500 | ||
|---|---|---|---|
| 003 | GCL | ||
| 008 | 140319s9999 xx 000 0 ara d | ||
| 040 |
_aGCL / _cGCL |
||
| 082 | 0 | 4 |
_aد _b050 |
| 100 | 1 | _aحبيب صادر | |
| 245 | 1 | 0 |
_aهذا الانسان (اقرا 146 ) / _cحبيب صادر |
| 300 | _a144 | ||
| 490 |
_aاقرأ _v0 |
||
| 650 | 0 | 4 | _aالسلالات البشرية |
| 650 | 0 | 4 | _aالسلاسلات البشرية |
| 650 | 0 | 4 | _aانسان ماقبل التاريخ |
| 650 | 0 | 4 | _aالانسان - الاصل والاثار |
| 942 |
_2ddc _cBK |
||
| 999 |
_c48601 _d48601 |
||